|
|
|
|
| LEADER |
00000ny a22000003n 4500 |
| 005 |
20110525104737.0 |
| 008 |
040224s2003 sp 001 0 spa c |
| 017 |
|
|
|a D.L. M.18539-2003
|
| 020 |
|
|
|a 8484940721
|
| 035 |
|
|
|a 1659
|
| 040 |
|
|
|a SpMaUCDE
|d vLex
|
| 040 |
|
|
|a UMA.RE
|d vLex
|
| 080 |
|
|
|a 339.257(4-672UE)
|
| 090 |
|
|
|c 255
|d 255
|
| 100 |
1 |
|
|a Vaquero Lp̤ez, Carmen
|
| 245 |
1 |
3 |
|a El seguro de crďito a la exportacin̤
|h [Recurso electrn̤ico]
|b (Derecho espaǫl y comunitario) /
|c Carmen Vaquero Lp̤ez
|
| 256 |
|
|
|a Servicio en ln̕ea
|
| 260 |
|
|
|a Madrid :
|b EDERSA,
|c D.L. 2003
|
| 300 |
|
|
|a 504 p. ;
|c 20 cm
|
| 506 |
1 |
|
|a Contenido solo disponible en los productos indicados
|d vLex Global
|d vLex Global (Academic Edition, excluding Law Schools)
|d vLex Global (U.S. Academic Edition, Law Schools)
|d vLex Global (U.S. Academic Edition, excluding Law Schools)
|d vLex Global (Academic Edition, Law Schools)
|
| 650 |
0 |
7 |
|a Seguros
|2 Tesauro vLex
|
| 650 |
0 |
7 |
|a Mercantil
|2 Tesauro vLex
|
| 650 |
0 |
7 |
|a Seguro de crďito
|2 Tesauro vLex
|
| 650 |
0 |
7 |
|a Crďito a la exportacin̤
|2 Tesauro vLex
|
| 650 |
0 |
7 |
|a Crďitos documentarios de exportacin̤
|2 Tesauro vLex
|
| 740 |
0 |
|
|a vLex Libros (Servicios en ln̕ea)
|
| 856 |
4 |
0 |
|u http://vlex.com/source/1659
|z Acceso restringido
|
| 942 |
|
|
|c BOOK
|
| 999 |
0 |
|
|a Commercial law
|b Madrid
|